Marvel and DC Villains - Statistics

General Stats
  • This quiz has been taken 556 times
  • The average score is 10 of 15
Answer Stats
Hint Answer % Correct
Loki Thor
97%
Dr. Octopus Spiderman
96%
Lex Luthor Superman
96%
Ra's Al Ghul Batman
93%
Red Skull Captain America
93%
Sabertooth Wolverine
86%
Dr. Doom Fantastic 4
84%
Magneto X-men
84%
Paralax Green Lantern
57%
Brothers Grimm Iron Man
57%
Shade Flash
46%
Count Vertigo Green Arrow
43%
Titanium Man The Hulk
42%
Admiral Storm Aquaman
34%
Red X Teen Titans
23%
No matching quizzes found
Score Distribution
Percent of People with Each Score
Percentile by Number Answered
Your Score History
You have not taken this quiz